Fill the Map by Guessing the Closest US State Capital - Statistics

General Stats
  • This quiz has been taken 2,693 times
  • The average score is 37 of 49
Answers on the Map
Answers color-coded by a green-red scale on the quiz's map according to % correct below.
 
Answer Stats
Km City Mi % Correct
164 Carson City 102
99%
577 Boise 359
96%
466 Helena 289
92%
157 Denver 97
87%
649 Salt Lake City 404
87%
595 Cheyenne 370
86%
615 Phoenix 382
84%
459 Santa Fe 285
84%
1354 Oklahoma City 841
82%
274 Des Moines 170
81%
215 Lincoln 133
81%
430 Topeka 267
81%
298 Indianapolis 185
79%
257 Springfield 160
79%
357 Jefferson City 222
78%
254 Columbus 158
77%
207 Frankfort 129
77%
215 Charleston 133
76%
380 Richmond 236
76%
372 Albany 231
75%
180 Annapolis 112
75%
86 Dover 53
75%
135 Trenton 84
75%
181 Harrisburg 112
74%
66 Boston 41
73%
132 Hartford 82
73%
106 Providence 66
73%
223 Augusta 138
71%
103 Concord 64
71%
144 Montpelier 89
71%
1204 Lansing 748
70%
395 Madison 246
70%
363 Saint Paul 226
70%
274 Bismarck 170
69%
1520 Little Rock 944
69%
578 Pierre 359
69%
225 Baton Rouge 140
68%
334 Jackson 207
68%
235 Atlanta 146
67%
4529 Honolulu 2814
67%
1470 Juneau 914
67%
507 Montgomery 315
67%
1293 Austin 803
66%
734 Nashville 456
66%
311 Columbia 194
65%
235 Olympia 146
65%
295 Raleigh 183
65%
2745 Salem 1706
65%
678 Tallahassee 421
65%
No matching quizzes found
Score Distribution
Percent of People with Each Score
Percentile by Number Answered
Your Score History
You have not taken this quiz